Normal view
MARC view
Entry Personal Name
001 - CONTROL NUMBER
- control field: 41093
003 - CONTROL NUMBER IDENTIFIER
- control field: ARRUPE
005 - DATE AND TIME OF LATEST TRANSACTION
- control field: 20180327095130.0
008 - FIXED-LENGTH DATA ELEMENTS
- fixed length control field: 180327|| aca||aabn | a|a d
040 ## - CATALOGING SOURCE
- Original cataloging agency: ARRUPE
- Transcribing agency: ARRUPE
100 ## - HEADING--PERSONAL NAME
- Personal name: Owen, Charles A.
- Fuller form of name: (Charles Abraham),
- Dates associated with a name: 1914-
- Relator term: ed.
670 ## - SOURCE DATA FOUND
- Source citation: Work cat.: (ARRUPE)0: Owen, Charles A. (Charles Abraham), 1914- ed., Discussions of the Canterbury tales., [1961]